000 00600nam a2200229Ia 4500
003 OSt
005 20221005133831.0
006 a|||||r|||| 00| 0
007 ta
008 221004b |||||||| |||| 00| 0 pan d
024 _a63380
037 _cTextual
040 _aCRL
_cCRL
_bpan
041 _2pan
_apan
082 _aO153,3:g, M5
100 _aਤਸਨੀਮ
245 0 _aਮੇਰੀ ਨਾਵਲ ਨਿਗਾਰੀ
260 _c1985
650 _aਪੰਜਾਬੀ ਸਾਹਿਤ
942 _hO153,3:g, M5
_cTEXL
_2cc
999 _c1068026
_d1068026